00995nam a2200265 a 450000100100000000500170001000800410002702000150006804000250008308200190010824501520012726000350027930000210031449000190033565000290035465000300038370000300041370000240044370000300046770000370049770000350053483000260056995201170059599900170071200002321120200930022049.0101130s1978 sp 000 | spa d a8474230519 aDO-SdBNPbspacBNPHU a335.434bC737h03aEl compromiso histórico /cAntonio Gramsci ... [et al.] ; selección de textos y prólogo de Luciano Gruppi ; traducción de Esther Benítez. aBarcelona :bCrítica,c1978. a348 p. ;c20 cm.1 aCrítica;v29 4aComunismoxItalia947784 4aComunismoxHistoria942651 aTogliatti, Palmiro9477851 aLongo, Luigi9477861 aBerlinguer, Enrico9477871 aGruppi, Luciano,epról.9477881 aBenítez, Esther,etr.913796 0aCrítica;n29947789 001050718MOaGRbGRcHDd2010-11-30iLF1l0o335.434 C737hp23211-10r2020-06-25w2020-06-25y1ZNo se presta c22708d22708